Transfers der Sommerpause 24/25 #1 - Statistiken

Allgemein
  • Dieses Quiz wurde 277 mal gespielt
  • Das Durchschnittsergebnis liegt bei 7 aus 10
Antwortstatistiken
Vorheriger Verein Neuer Verein Ablösesumme Spieler % Korrekt
Bayern München Manchester United 45 Millionen Matthijs de Ligt
93%
Crystal Palace Bayern München 53 Millionen Michael Olise
92%
Manchester City Atletico Madrid 75 Millionen Julian Alvarez
90%
SSC Neapel Galatasaray Leihe Victor Osimhen
89%
FC Fulham Bayern München 51 Millionen Joao Palinha
76%
Aston Villa Al-Ittihad 60 Millionen Moussa Diaby
63%
Bournemouth Tottenham Hotspur 64,3 Millionen Dominic Solanke
58%
Paris SG Manchester United 50 Millionen Manuel Ugarte
53%
Real Sociedad FC Arsenal 32 Millionen Mikel Merino
52%
FC Brentford Al-Ahli 42 Millionen Ivan Toney
44%
Keine übereinstimmenden Quizze gefunden
Verteilung der Resultate
Anzahl Personen mit jedem Resultat
Perzentil nach korrekt beantworteten Fragen
Ihre Resultats-Entwicklung
Sie haben dieses Quiz noch nicht gespielt